| 000 | 00880nac a22001931u 4500 | ||
|---|---|---|---|
| 008 | 101125s1980 xxu||||| |||| 00| 0 ara d | ||
| 020 | _a9777296738 | ||
| 082 |
_a621.252 _bع ز ي |
||
| 100 | 1 |
_aعبد العزيز ، محمود فوزى _921277 |
|
| 245 |
_aالمضخات الهيدروليكية / _cمحمود فوزى عبد العزيز |
||
| 260 |
_aالقاهرة : _bمطابع الأهرام التجارية ،1980 _c1980. |
||
| 300 |
_a266 ص : _bايض ؛ _c20 سم. |
||
| 490 | 0 |
_917331 _aالأسس التكنولوجية |
|
| 500 | _aيشتمل على فهارس | ||
| 511 | _aCatalogued by: Sara | ||
| 650 |
_aطلمبات الماء _921688 |
||
| 942 |
_cBB _k621.252 ع ز ي _2ddc |
||
| 999 |
_c6334 _d6334 |
||